000 00473cam a22001457a 4500
008 180718b1977 xxu||||| |||| 00| 0 eng d
082 _aUx54 V559
100 _aVenkatasubbiah, H.
245 _aEnterprise and economic change: fifty years of FICCI
_cby H. Venkatasubbiah
260 _aNew Delhi
_bVikas
_c1977
300 _a176p.
650 _aFederation of Indian Chambers of Commerce
650 _aChambers of Commerce - India
650 _aGovernment and business - India
999 _c356193
_d356193